Регионална библиотека "Любен Каравелов" - Русе

Софийский университет имени Климента Охридского (Запис номер 398776)

MARC детайли
000 -Лидер
Контролно поле с фиксирана дължина nkm a22 a 4500
003 - Код на организацията, давaща контролен номер
Контролно поле BLK
005 - Дата и час на последна редакция
Контролно поле 20210217113454.0
008 - Елементи от данни с фиксирана дължина
fixed length control field 210217b bu ||||| |||| 00| 0 bu d
040 ## - Източник на каталожния запис
Идентификатор на билиотеката - собственик на записа BLK
041 ## - Код за език
Код за езика на текст/звукозапис или на отделно заглавие Руски
Код за езика КДБФ Руски
080 ## - УДК
Текстов определител УДК Университети
УДК код - определител по УДК 378.4
УДК определител (497.2)-21(084)
УДК - код + определител 378.4(497.2)-21(084)
100 ## - Редна дума - Автор
R(LIN) 409
Автор Атанасов, Гриша
Авторска отговорност авт.-состав.
139 ## - Редно поле
Редна дума Атанасов, Гриша
Авторски знак Ат - А 93
245 ## - Сведения за заглавието
Заглавие Софийский университет имени Климента Охридского
Подзаглавни данни Альбом
Редно поле (дума) авт.-состав. Гриша Атанасов; фотогр. Димитр Алексиев; пер. с болг. Татьяны Митевой
260 ## - Област на издателските данни
9 (RLIN) 216188
Място на издаване, разпространение и проч. София
Име на издателя, разпространителя и проч. София-пресс
Година на издаване 1988
300 ## - Физическа характеристика
Страници 104 с.
Илюстрации и др. с ил.
Размери/Мащаб 30 см
380 ## - Жанр
Жанр Обществени науки
650 #0 - Допълнително описание по предмет – тема
9 (RLIN) 264907
Основно описание – тема или топоним Университети - София
653 #7 - Ключова дума – ненормативна
9 (RLIN) 196951
Ключова дума Софийски университет Св. Климент Охридски
700 ## - Други автори (авторска отговорност)
9 (RLIN) 1631
Лично име Алексиев, Димитър
Автороска отговорност (Описва отношението между автора и произведението) фотогр.
700 ## - Други автори (авторска отговорност)
9 (RLIN) 275795
Лично име Митева, Татяна
Автороска отговорност (Описва отношението между автора и произведението) пер. с болг.
852 ## - Местоположение
Форматна сигнатура Цб ІІ 25867
Фондова буква Хранилище
999 ## - СИСТЕМНИ КОНТРОЛНИ НОМЕРА
Koha biblionumber 398776
Koha biblioitemnumber 398776
942 ## - АРТИКУЛИ
Вид на библиотечния материал Графични издания
Скрит в OPAC Не
Периодичен библиозапис Да
944 ## - СЪЗДАВАНЕ И РЕДАКЦИЯ на ЗАПИСА
Създаване/Редакция Създаване
Дата на регистрацията/редакция 2021-02-17
Служител, извършил регистрацията/редакцията Христина Везирева
Наличности
Код за отписване Код за изгубен артикул Източник на класификационната схема Код за повреда Коз за рестрикции Код за отдаване Артикулен № Име на библиотеката - собственик Име на библиотеката, в която се намира в момента Статус (Текущо местоположение) Дата на вписване в системата Местоположение - отдел Цена в лева Инвентарен номер Систематично азбучна сигнатура Баркод Цена в евро Служебен тип на артикула
  Не е изгубен Universal Decimal Classification Не е повреден само за читалня ползва се в читалня 812991 Регионална библиотека "Любен Каравелов" Русе Регионална библиотека "Любен Каравелов" Русе Хранилище 2021-02-22 Хранилище 0.00 507740 Цб ІІ 25867 120000507740 0.00 Графични издания
Vip Innovations Ltd, Rousse, Bulgaria 2025